| 000 | 00000nam 2200000zi 4500 |
| 001 | 9.947392 |
| 003 | CaOODSP |
| 005 | 20250129101834 |
| 006 | m o d f |
| 007 | cr cn||||||||| |
| 008 | 250127t20032003qucab ob f000 0 fre d |
| 020 | |z0662886852 |
| 040 | |aCaOODSP|bfre|erda|cCaOODSP |
| 043 | |an-cn---|an-us--- |
| 086 | 1 |aEn57-52/121F-PDF|zEn56-187/2003F |
| 100 | 1 |aDoyon, Bernard,|d1963- |eauteur. |
| 245 | 10|aAvancement des travaux du groupe de travail technique sur les processus littoraux, Rapport final - février 2003 / |cBernard Doyon, Alexandre Morin, Nicolas Roy, Jean-Philippe Côté, Jean Morin, Olivier Champoux, Diane Dauphin, Elisabeth Marceau, André Bouchard et Jean-François Cantin. |
| 264 | 1|aSainte-Foy : |bEnvironnement Canada, |c2003. |
| 264 | 4|c©2003 |
| 300 | |a1 ressource en ligne (ix, 86 pages, 1 page non numérotée) : |billustrations, cartes. |
| 336 | |atexte|btxt|2rdacontent/fre |
| 337 | |ainformatique|bc|2rdamedia/fre |
| 338 | |aressource en ligne|bcr|2rdacarrier/fre |
| 490 | 1 |aRapport technique SMC Québec - Section hydrologie ; |vRT-121 |
| 500 | |a« Février 2003. » |
| 500 | |aTitre de la couverture. |
| 500 | |aLe numéro de catalogue (En56-187/2003F) et l'ISBN (0662886852) de l'édition imprimée ont été copiés dans l'édition électronique. |
| 500 | |aÉdition numérisée de l’imprimé [par Environnement et changement climatique Canada]. |
| 500 | |a« Préparé pour le Groupe de travail technique sur les processus littoraux du Groupe d'étude international sur le lac Ontario et le fleuve Saint-Laurent (Commission Mixte Internationale). » |
| 504 | |aComprend des références bibliographiques (pages 78-80). |
| 520 | |a« Les objectifs spécifiques du travail présenté dans ce document portent sur l'acquisition de connaissances concernant les processus côtiers, ainsi que la compréhension des différents types de rivages. Figure aussi au nombre des objectifs, l'élaboration d'une base de données commune et cohérente sur les zones côtières regroupant l'information susmentionnée de façon à ce que ces données puissent être utilisées pour la modélisation et l'évaluation des impacts liés aux activités entreprises » -- Page 2. |
| 650 | 6|aNiveau des eaux|zSaint-Laurent (Fleuve) |
| 650 | 6|aRives|zSaint-Laurent (Fleuve) |
| 650 | 0|aWater levels|zSaint Lawrence River. |
| 650 | 0|aShorelines|zSaint Lawrence River. |
| 710 | 2 |aService météorologique du Canada. |bRégion du Québec. |bSection hydrologie, |eorganisme de publication. |
| 830 | #0|aRapport technique SMC - Section hydrologie ;|vRT-121.|w(CaOODSP)9.920057 |
| 856 | 40|qPDF|s12.1 Mo|uhttps://publications.gc.ca/collections/collection_2025/eccc/en57/En57-52-121-fra.pdf |